000 00816nam a2200265Ia 4500
003 OSt
005 20220918171301.0
006 a|||||r|||| 00| 0
007 ta
008 220917b |||||||| |||| 00| 0 eng d
020 _a9781462518128 (hbk)
_c3338.5
024 _a287,427
037 _b1631, 22/12/2015, The Book Seller
_cTextual
040 _aARTS
_cARTS
_beng
041 _2eng
_aeng
082 _aS:4-86, Q5
100 _aBrown Gary P. Ed.
_935384
245 0 _aAssessment in cognitive therapy
260 _aNew York
_bGuilford Press U.S.A.
_c2015
300 _axvii, 366p.
_ccm.
650 _aPSYCHOLOGY
700 _a Clark David A. Ed.
_935385
942 _hS:4-86, Q5
_cTEXL
_2CC
999 _c138773
_d138773